Textbook of epidemiology / (Record no. 99323)
[ view plain ]
| 000 -LEADER | |
|---|---|
| fixed length control field | 01881cam a22003378i 4500 |
| 003 - CONTROL NUMBER IDENTIFIER | |
| control field | URS |
| 005 - DATE AND TIME OF LATEST TRANSACTION | |
| control field | 20260329170428.0 |
| 008 - FIXED-LENGTH DATA ELEMENTS--GENERAL INFORMATION | |
| fixed length control field | 220629s2023 nju b 001 0 eng |
| 020 ## - INTERNATIONAL STANDARD BOOK NUMBER | |
| International Standard Book Number | 978-1-11977-602-4 |
| 040 ## - CATALOGING SOURCE | |
| Language of cataloging | English |
| Description conventions | rda |
| Transcribing agency | URS |
| 050 00 - LIBRARY OF CONGRESS CALL NUMBER | |
| Classification number | RA651 |
| Item number | .B6693 2023 |
| 082 00 - DEWEY DECIMAL CLASSIFICATION NUMBER | |
| Classification number | 614.4 |
| 100 1# - MAIN ENTRY--PERSONAL NAME | |
| Personal name | Bouter, Lex M., |
| Relator term | author. |
| 245 10 - TITLE STATEMENT | |
| Title | Textbook of epidemiology / |
| Statement of responsibility, etc | Lex M. Bouter, Maurice Zeegers, Tianjing Li. |
| 250 ## - EDITION STATEMENT | |
| Edition statement | Second edition. |
| 263 ## - PROJECTED PUBLICATION DATE | |
| Projected publication date | 2209 |
| 264 #1 - PUBLICATION, DISTRIBUTION, ETC. (IMPRINT) | |
| Place of publication, distribution, etc | Hoboken, NJ : |
| Name of publisher, distributor, etc | Wiley-Blackwell, |
| Date of publication, distribution, etc | ©2023. |
| 300 ## - PHYSICAL DESCRIPTION | |
| Extent | 236 pages : |
| Other physical details | illustrations ; |
| Dimensions | 23 cm. |
| 336 ## - CONTENT TYPE | |
| Content type term | text |
| Content type code | txt |
| Source | rdacontent |
| 337 ## - MEDIA TYPE | |
| Media type term | unmediated |
| Media type code | n |
| Source | rdamedia |
| 338 ## - CARRIER TYPE | |
| Carrier type term | volume |
| Carrier type code | nc |
| Source | rdacarrier |
| 504 ## - BIBLIOGRAPHY, ETC. NOTE | |
| Bibliography, etc | Includes bibliographical references and index. |
| 505 0# - FORMATTED CONTENTS NOTE | |
| Formatted contents note | Epidemiology -- Frequency-- Association -- Study design -- Precision and validity -- Etiology and causality -- Genetic epidemiology -- Outbreak epidemiology -- Diagnostic and prognostic research -- Intervention -- Systematic review and meta-analysis. |
| 520 ## - SUMMARY, ETC. | |
| Summary, etc | "An introduction to epidemiological methods with recent and broadly applicable examples. End-of-chapter self-assessment questions for readers to check their understanding of key concepts, with answer keys and further enrichment materials available on a companion website. A brand-new chapter covering methods for systematic reviews and meta-analysis. Accessible material appropriate for clinical practitioners and researchers from around the world"-- |
| Assigning source | Provided by publisher. |
| 650 12 - SUBJECT ADDED ENTRY--TOPICAL TERM | |
| Topical term or geographic name as entry element | Epidemiologic Methods |
| 650 22 - SUBJECT ADDED ENTRY--TOPICAL TERM | |
| Topical term or geographic name as entry element | Epidemiology |
| 700 1# - ADDED ENTRY--PERSONAL NAME | |
| Personal name | Zeegers, Maurice P., |
| Relator term | author. |
| 700 1# - ADDED ENTRY--PERSONAL NAME | |
| Personal name | Li, Tianjing |
| Titles and other words associated with a name | (Writer on evidence-based medicine), |
| Relator term | author. |
| 776 08 - ADDITIONAL PHYSICAL FORM ENTRY | |
| Display text | Online version: |
| Main entry heading | Bouter, L. M. |
| Title | Textbook of epidemiology |
| Edition | Second edition. |
| Place, publisher, and date of publication | Hoboken, NJ : Wiley-Blackwell, 2023 |
| International Standard Book Number | 9781119776031 |
| Record control number | (DLC) 2022030843 |
| 942 ## - ADDED ENTRY ELEMENTS (KOHA) | |
| Source of classification or shelving scheme | Library of Congress Classification |
| Koha item type | Reserved Books |
| Withdrawn status | Lost status | Source of classification or shelving scheme | Damaged status | Not for loan | Collection code | Home library | Current library | Shelving location | Date acquired | Source of acquisition | Cost, normal purchase price | Total Checkouts | Full call number | Barcode | Date last seen | Copy number | Cost, replacement price | Price effective from | Koha item type |
|---|---|---|---|---|---|---|---|---|---|---|---|---|---|---|---|---|---|---|---|
| Library of Congress Classification | Non-fiction | Taytay College Library | Taytay College Library | Medicine Collection | 03/29/2026 | Purchased | 4428.00 | RA651 .B6693 2023 | URSTAY-6123 | 03/29/2026 | 1 | 4428.00 | 03/29/2026 | Reserved Books |